Combien de ville de la Moselle (57) connais-tu ? - Statistiques

Statistiques générales
  • Ce quiz a été pris 105 fois
  • Le résultat moyen est 49 sur 725
Statistiques - réponses
Code postal Ville % Correct
57070 Metz
95%
57100 Thionville
73%
57608 Forbach
71%
57216 Sarreguemines
62%
57501 Saint-Avold
56%
57240 Hayange
53%
57970 Yutz
53%
57140 Woippy
51%
57290 Fameck
49%
57950 Montigny-lès-Metz
45%
57360 Amnéville
44%
57190 Florange
44%
57282 Maizières-lès-Metz
44%
57155 Marly
44%
57400 Sarrebourg
44%
57270 Uckange
44%
57751 Hagondange
40%
57800 Freyming-Merlebach
35%
57525 Talange
35%
57230 Bitche
33%
57310 Bousse
33%
57120 Rombas
33%
57440 Algrange
31%
57320 Bouzonville
31%
57310 Guénange
31%
57160 Moulins-lès-Metz
31%
57450 Farébersviller
29%
57330 Hettange-Grande
29%
57510 Puttelange-aux-Lacs
29%
57170 Château-Salins
27%
57050 Longeville-lès-Metz
27%
57340 Riche
27%
57150 Creutzwald
25%
57365 Ennery
25%
57100 Manom
25%
57480 Sierck-les-Bains
25%
57180 Terville
25%
57220 Boulay-Moselle
24%
57490 Carling
24%
57300 Mondelange
24%
57250 Moyeuvre-Grande
24%
57290 Serémange-Erzange
24%
57380 Faulquemont
22%
57535 Marange-Silvange
22%
57240 Nilvange
22%
57270 Richemont
22%
57350 Stiring-Wendel
22%
57640 Vigy
22%
57480 Apach
20%
57130 Ars-sur-Moselle
20%
57685 Augny
20%
57310 Bertrange
20%
57490 L'Hôpital
20%
57250 Moyeuvre-Petite
20%
57245 Peltre
20%
57540 Petite-Rosselle
20%
57580 Rémilly
20%
57310 Rurange-lès-Thionville
20%
57070 Saint-Julien-lès-Metz
20%
57420 Verny
20%
57460 Behren-lès-Forbach
18%
57650 Fontoy
18%
57240 Knutange
18%
57970 Kœnigsmacker
18%
57940 Metzervisse
18%
57070 Mey
18%
57340 Morhange
18%
57840 Ottange
18%
57280 Semécourt
18%
57300 Trémery
18%
57330 Volmerange-les-Mines
18%
57920 Aboncourt
16%
57530 Courcelles-Chaussy
16%
57650 Havange
16%
57330 Kanfen
16%
57140 La Maxe
16%
57570 Rodemack
16%
57330 Roussy-le-Village
16%
57430 Sarralbe
16%
57970 Stuckange
16%
57440 Angevillers
15%
57530 Ars-Laquenexy
15%
57300 Ay-sur-Moselle
15%
57655 Boulange
15%
57570 Cattenom
15%
57185 Clouange
15%
57330 Entrange
15%
57280 Fèves
15%
57420 Féy
15%
57470 Hombourg-Haut
15%
57970 Illange
15%
57740 Longeville-lès-Saint-Avold
15%
57700 Neufchef
15%
57160 Scy-Chazelles
15%
57560 Abreschviller
13%
57640 Argancy
13%
57390 Audun-le-Tiche
13%
57970 Basse-Ham
13%
57570 Boust
13%
57800 Cocheren
13%
57850 Dabo
13%
57590 Delme
13%
57550 Falck
13%
57730 Folschviller
13%
57175 Gandrange
13%
57520 Grosbliederstroff
13%
57280 Hauconcourt
13%
57830 Héming
13%
57245 Jury
13%
57920 Kédange-sur-Canner
13%
57935 Luttange
13%
57570 Mondorff
13%
57600 Œting
13%
57530 Pange
13%
57370 Phalsbourg
13%
57840 Rochonvillers
13%
57560 Saint-Quirin
13%
57350 Schœneck
13%
57710 Tressange
13%
57730 Valmont
13%
57185 Vitry-sur-Orne
13%
57515 Alsting
11%
57260 Dieuze
11%
57365 Flévy
11%
57130 Gravelotte
11%
57130 Jouy-aux-Arches
11%
57530 Laquenexy
11%
57420 Louvigny
11%
57930 Mittersheim
11%
57600 Morsbach
11%
57120 Pierrevillers
11%
57890 Porcelette
11%
57810 Rhodes
11%
57780 Rosselange
11%
57640 Sainte-Barbe
11%
57455 Seingbouse
11%
57420 Solgne
11%
57070 Vany
11%
57130 Vaux
11%
57630 Vic-sur-Seille
11%
57340 Viller
11%
57330 Zoufftgen
11%
57865 Amanvillers
9%
57710 Aumetz
9%
57670 Bénestroff
9%
57320 Bibiche
9%
57420 Cheminot
9%
57245 Chesny
9%
57530 Coincy
9%
57480 Contz-les-Bains
9%
57690 Créhange
9%
57130 Cuvry
9%
57925 Distroff
9%
57970 Elzange
9%
57450 Henriville
9%
57990 Ippling
9%
57650 Lommerange
9%
57050 Lorry-lès-Metz
9%
57730 Macheren
9%
57640 Malroy
9%
57550 Merten
9%
57420 Moncheux
9%
57480 Montenach
9%
57860 Montois-la-Montagne
9%
57645 Noisseville
9%
57680 Novéant-sur-Moselle
9%
57050 Plappeville
9%
57420 Pouilly
9%
57570 Puttelange-lès-Thionville
9%
57700 Ranguevaux
9%
57445 Réding
9%
57480 Rettel
9%
57410 Rohrbach-lès-Bitche
9%
57255 Sainte-Marie-aux-Chênes
9%
57640 Saint-Hubert
9%
57820 Saint-Louis
9%
57070 Vantoux
9%
57940 Volstroff
9%
57640 Vry
9%
57130 Ancy-Dornot
7%
57320 Anzeling
7%
57810 Avricourt
7%
57580 Béchy
7%
57640 Bettelainville
7%
57800 Betting
7%
57580 Beux
7%
57410 Bining
7%
57200 Bliesbruck
7%
57220 Boucheporn
7%
57460 Bousbach
7%
57920 Buding
7%
57400 Buhl-Lorraine
7%
57640 Charly-Oradour
7%
57070 Chieulles
7%
57680 Corny-sur-Moselle
7%
57980 Diebling
7%
57420 Fleury
7%
57600 Folkling
7%
57420 Goin
7%
57680 Gorze
7%
57410 Gros-Réderching
7%
57910 Hambach
7%
57790 Hattigny
7%
57660 Hellimer
7%
57480 Hunting
7%
57400 Imling
7%
57660 Laning
7%
57050 Le Ban-Saint-Martin
7%
57530 Les Étangs
7%
57790 Lorquin
7%
57510 Loupershouse
7%
57580 Luppy
7%
57820 Lutzelbourg
7%
57245 Mécleuves
7%
57565 Niderviller
7%
57140 Norroy-le-Veneur
7%
57645 Nouilly
7%
57530 Ogy-Montoy-Flanville
7%
57420 Pagny-lès-Goin
7%
57410 Petit-Réderching
7%
57220 Piblange
7%
57420 Pournoy-la-Chétive
7%
57420 Pournoy-la-Grasse
7%
57160 Rozérieulles
7%
57580 Saint-Epvre
7%
57400 Sarraltroff
7%
57350 Spicheren
7%
57340 Suisse
7%
57450 Théding
7%
57560 Turquestein-Blancrupt
7%
57920 Veckring
7%
57412 Achen
5%
57580 Ancerville
5%
57680 Arry
5%
57580 Aube
5%
57590 Aulnois-sur-Seille
5%
57340 Baronville
5%
57800 Béning-lès-Saint-Avold
5%
57930 Bettborn
5%
57570 Breistroff-la-Grande
5%
57220 Brouck
5%
57420 Buchy
5%
57450 Cappel
5%
57320 Château-Rouge
5%
57160 Châtel-Saint-Germain
5%
57420 Chérisey
5%
57420 Coin-lès-Cuvry
5%
57420 Coin-sur-Seille
5%
57530 Courcelles-sur-Nied
5%
57550 Dalem
5%
57590 Donjeux
5%
57460 Etzling
5%
57930 Fénétrange
5%
57320 Filstroff
5%
57570 Fixem
5%
57320 Freistroff
5%
57220 Gomelange
5%
57660 Grostenquin
5%
57580 Han-sur-Nied
5%
57550 Hargarten-aux-Mines
5%
57580 Herny
5%
57400 Hesse
5%
57405 Hommarting
5%
57510 Hoste
5%
57970 Inglange
5%
57670 Insming
5%
57130 Jussy
5%
57460 Kerbach
5%
57970 Kuntzig
5%
57730 Lachambre
5%
57580 Lesse
5%
57430 Le Val-de-Guéblange
5%
57810 Ley
5%
57520 Lixing-lès-Rouhling
5%
57660 Lixing-lès-Saint-Avold
5%
57420 Lorry-Mardigny
5%
57810 Maizières-lès-Vic
5%
57590 Malaucourt-sur-Seille
5%
57480 Manderen-Ritzing
5%
57380 Many
5%
57690 Marange-Zondrange
5%
57420 Marieulles
5%
57630 Marsal
5%
57960 Meisenthal
5%
57920 Metzeresche
5%
57980 Metzing
5%
57770 Moussey
5%
57590 Puzieux
5%
57550 Rémering
5%
57800 Rosbruck
5%
57420 Sailly-Achâtel
5%
57510 Saint-Jean-Rohrbach
5%
57420 Secourt
5%
57870 Troisfontaines
5%
57670 Vahl-lès-Bénestroff
5%
57130 Vernéville
5%
57550 Villing
5%
57220 Volmerange-lès-Boulay
5%
57870 Walscheid
5%
57660 Altrippe
4%
57320 Alzing
4%
57170 Amelécourt
4%
57640 Antilly
4%
57380 Arraincourt
4%
57810 Azoudange
4%
57230 Baerenthal
4%
57690 Bambiderstroff
4%
57450 Barst
4%
57580 Baudrecourt
4%
57830 Bébing
4%
57570 Berg-sur-Moselle
4%
57550 Berviller-en-Moselle
4%
57410 Bettviller
4%
57810 Bourdonnay
4%
57260 Bourgaltroff
4%
57230 Bousseviller
4%
57340 Bréhain
4%
57720 Breidenbach
4%
57535 Bronvaux
4%
57635 Brouviller
4%
57340 Château-Bréhain
4%
57320 Chémery-les-Deux
4%
57320 Dalstein
4%
57660 Diffembach-lès-Hellimer
4%
57220 Éblange
4%
57720 Epping
4%
57330 Escherange
4%
57570 Évrange
4%
57450 Farschviller
4%
57690 Flétrange
4%
57220 Fouligny
4%
57660 Frémestroff
4%
57170 Fresnes-en-Saulnois
4%
57570 Gavisse
4%
57260 Guéblange-lès-Dieuze
4%
57260 Guébling
4%
57870 Hartzviller
4%
57230 Haspelschiedt
4%
57220 Helstroff
4%
57690 Hémilly
4%
57400 Hilbesheim
4%
57220 Holling
4%
57920 Hombourg-Budange
4%
57990 Hundling
4%
57590 Jallaucourt
4%
57412 Kalhausen
4%
57480 Kirschnaumen
4%
57830 Landange
4%
57340 Landroff
4%
57590 Laneuveville-en-Saulnois
4%
57400 Langatte
4%
57160 Lessy
4%
57660 Leyviller
4%
57635 Lixheim
4%
57670 Loudrefing
4%
57590 Lucy
4%
57480 Malling
4%
57560 Métairies-Saint-Quirin
4%
57670 Molring
4%
57170 Morville-lès-Vic
4%
57630 Moyenvic
4%
57670 Munster
4%
57560 Niderhoff
4%
57990 Nousseviller-Saint-Nabor
4%
57320 Oberdorff
4%
57590 Oriocourt
4%
57420 Orny
4%
57590 Oron
4%
57220 Ottonville
4%
57870 Plaine-de-Walsch
4%
57420 Pontoy
4%
57340 Racrange
4%
57530 Raville
4%
57810 Réchicourt-le-Château
4%
57480 Rémeling
4%
57230 Reyersviller
4%
57130 Rezonville-Vionville
4%
57830 Richeval
4%
57930 Romelfing
4%
57860 Roncourt
4%
57520 Rouhling
4%
57620 Saint-Louis-lès-Bitche
4%
57855 Saint-Privat-la-Montagne
4%
57640 Sanry-lès-Vigy
4%
57140 Saulny
4%
57530 Servigny-lès-Raville
4%
57410 Siersthal
4%
57420 Sillegny
4%
57980 Tenteling
4%
57220 Téterchen
4%
57580 Thimonville
4%
57380 Thonville
4%
57320 Tromborn
4%
57580 Vatimont
4%
57635 Vieux-Lixheim
4%
57420 Vigny
4%
57590 Viviers
4%
57720 Volmunster
4%
57420 Vulmont
4%
57480 Waldwisse
4%
57200 Wiesviller
4%
57430 Willerwald
4%
57200 Wœlfling-lès-Sarreguemines
4%
57915 Woustviller
4%
57905 Zetting
4%
57690 Zimming
4%
57380 Adelange
2%
57590 Ajoncourt
2%
57590 Alaincourt-la-Côte
2%
57670 Albestroff
2%
57730 Altviller
2%
57580 Arriance
2%
57405 Arzviller
2%
57790 Aspach
2%
57260 Assenoncourt
2%
57170 Attilloncourt
2%
57590 Bacourt
2%
57220 Bannay
2%
57570 Basse-Rentgen
2%
57930 Belles-Forêts
2%
57660 Bérig-Vintrange
2%
57930 Berthelming
2%
57220 Bettange
2%
57570 Beyren-lès-Sierck
2%
57260 Bidestroff
2%
57660 Biding
2%
57220 Bisten-en-Lorraine
2%
57660 Bistroff
2%
57260 Blanche-Église
2%
57200 Blies-Ébersing
2%
57370 Bourscheid
2%
57380 Boustroff
2%
57320 Brettnach
2%
57565 Brouderdorff
2%
57970 Budling
2%
57365 Chailly-lès-Ennery
2%
57580 Chanville
2%
57220 Charleville-sous-Bois
2%
57170 Château-Voué
2%
57590 Chicourt
2%
57320 Colmen
2%
57220 Condé-Northen
2%
57220 Coume
2%
57590 Craincourt
2%
57260 Desseling
2%
57340 Destry
2%
57830 Diane-Capelle
2%
57890 Diesen
2%
57400 Dolving
2%
57260 Domnom-lès-Dieuze
2%
57810 Donnelay
2%
57320 Ébersviller
2%
57340 Eincheville
2%
57415 Enchenberg
2%
57720 Erching
2%
57660 Erstroff
2%
57412 Etting
2%
57640 Failly
2%
57320 Flastroff
2%
57670 Francaltroff
2%
57790 Fraquelfing
2%
57200 Frauenberg
2%
57660 Freybouse
2%
57810 Fribourg
2%
57260 Gelucourt
2%
57670 Givrycourt
2%
57815 Gondrexange
2%
57930 Gosselming
2%
57660 Gréning
2%
57510 Guebenhouse
2%
57260 Guébestroff
2%
57470 Guenviller
2%
57260 Guermange
2%
57320 Guerstling
2%
57880 Guerting
2%
57220 Guinkirchen
2%
57570 Hagen
2%
57170 Hampont
2%
57880 Ham-sous-Varsberg
2%
57590 Hannocourt
2%
57230 Hanviller
2%
57400 Haut-Clocher
2%
57480 Haute-Kontz
2%
57690 Haute-Vigneulles
2%
57530 Hayes
2%
57930 Hellering-lès-Fénétrange
2%
57820 Henridorff
2%
57790 Hermelange
2%
57320 Hestroff
2%
57510 Hilsprich
2%
57510 Holving
2%
57870 Hommert
2%
57720 Hottviller
2%
57830 Ibigny
2%
57630 Juvelize
2%
57590 Juville
2%
57830 Kerprich-aux-Bois
2%
57430 Kirviller
2%
57920 Klang
2%
57560 Lafrimbolle
2%
57810 Lagarde
2%
57790 Laneuveville-lès-Lorquin
2%
57810 Languimberg
2%
57385 Laudrefang
2%
57480 Laumesfeld
2%
57480 Launstroff
2%
57660 Lelling
2%
57580 Lemud
2%
57720 Lengelsheim
2%
57670 Léning
2%
57630 Lezey
2%
57420 Liéhon
2%
57260 Lindre-Basse
2%
57260 Lindre-Haute
2%
57590 Liocourt
2%
57720 Loutzviller
2%
57380 Mainvillers
2%
57530 Maizeroy
2%
57670 Marimont-lès-Bénestroff
2%
57530 Marsilly
2%
57660 Maxstadt
2%
57320 Menskirch
2%
57220 Momerstroff
2%
57810 Moncourt
2%
57920 Monneren
2%
57415 Montbronn
2%
57590 Morville-sur-Nied
2%
57670 Nébing
2%
57670 Nelling
2%
57910 Neufgrange
2%
57670 Neufvillage
2%
57930 Niederstinzel
2%
57220 Niedervisse
2%
57790 Nitting
2%
57720 Nousseviller-lès-Bitche
2%
57930 Oberstinzel
2%
57220 Obervisse
2%
57810 Ommeray
2%
57720 Ormersviller
2%
57970 Oudrenne
2%
57140 Plesnois
2%
57420 Pommérieux
2%
57380 Pontpierre
2%
57410 Rahling
2%
57390 Rédange
2%
57320 Rémelfang
2%
57200 Rémelfing
2%
57720 Rimling
2%
57230 Roppeviller
2%
57260 Rorbach-lès-Dieuze
2%
57220 Roupeldange
2%
57390 Russange
2%
57480 Rustroff
2%
57130 Sainte-Ruffine
2%
57320 Saint-François-Lacroix
2%
57830 Saint-Georges
2%
57420 Saint-Jure
2%
57905 Sarreinsming
2%
57400 Schneckenbusch
2%
57230 Schorbach
2%
57720 Schweyen
2%
57640 Servigny-lès-Sainte-Barbe
2%
57420 Silly-en-Saulnois
2%
57530 Silly-sur-Nied
2%
57170 Sotzeling
2%
57260 Tarquimpol
2%
57590 Tincry
2%
57580 Tragny
2%
57385 Tritteling-Redlach
2%
57660 Vahl-Ebersing
2%
57260 Val-de-Bride
2%
57970 Valmestroff
2%
57220 Valmunster
2%
57880 Varsberg
2%
57560 Vasperviller
2%
57320 Vaudreching
2%
57170 Vaxy
2%
57220 Velving
2%
57260 Vergaville
2%
57530 Villers-Stoncourt
2%
57580 Vittoncourt
2%
57320 Vœlfling-lès-Bouzonville
2%
57560 Voyer
2%
57320 Waldweistroff
2%
57720 Walschbronn
2%
57905 Wittring
2%
57590 Xocourt
2%
57830 Xouaxange
2%
57370 Zilling
2%
57260 Zommange
2%
57590 Aboncourt-sur-Seille
0%
57340 Achain
0%
57580 Adaincourt
0%
57830 Barchain
0%
57260 Bassing
0%
57530 Bazoncourt
0%
57340 Bellange
0%
57370 Berling
0%
57340 Bermering
0%
57630 Bezange-la-Petite
0%
57635 Bickenholtz
0%
57170 Bioncourt
0%
57220 Bionville-sur-Nied
0%
57200 Blies-Guersviller
0%
57340 Brulange
0%
57170 Burlioncourt
0%
57220 Burtoncourt
0%
57170 Chambrey
0%
57580 Chenois
0%
57530 Colligny-Maizery
0%
57340 Conthil
0%
57260 Cutting
0%
57340 Dalhain
0%
57370 Danne-et-Quatre-Vents
0%
57820 Dannelbourg
0%
57220 Denting
0%
57230 Éguelshardt
0%
57690 Elvange
0%
57510 Ernestviller
0%
57635 Fleisheim
0%
57580 Flocourt
0%
57590 Fonteny
0%
57590 Fossieux
0%
57830 Foulcrey
0%
57420 Foville
0%
57590 Frémery
0%
57820 Garrebourg
0%
57170 Gerbécourt
0%
57530 Glatigny
0%
57620 Goetzenbruck
0%
57170 Grémecey
0%
57480 Grindorff-Bizing
0%
57510 Grundviller
0%
57380 Guessling-Hémering
0%
57690 Guinglange
0%
57670 Guinzeling
0%
57405 Guntzviller
0%
57340 Haboudange
0%
57690 Hallering
0%
57480 Halstroff
0%
57370 Hangviller
0%
57630 Haraucourt-sur-Seille
0%
57340 Harprich
0%
57870 Harreberg
0%
57850 Haselbourg
0%
57430 Hazembourg
0%
57320 Heining-lès-Bouzonville
0%
57635 Hérange
0%
57830 Hertzing
0%
57220 Hinckange
0%
57380 Holacourt
0%
57670 Honskirch
0%
57820 Hultehouse
0%
57670 Insviller
0%
57430 Kappelkinger
0%
57920 Kemplich
0%
57480 Kerling-lès-Sierck
0%
57480 Kirsch-lès-Sierck
0%
57410 Lambach
0%
57620 Lemberg
0%
57590 Lemoncourt
0%
57670 Lhor
0%
57340 Lidrezing
0%
57230 Liederschiedt
0%
57670 Lostroff
0%
57170 Lubécourt
0%
57590 Manhoué
0%
57340 Marthille
0%
57220 Mégange
0%
57480 Merschweiller
0%
57370 Metting
0%
57370 Mittelbronn
0%
57670 Montdidier
0%
57620 Mouterhouse
0%
57260 Mulcey
0%
57220 Narbéfontaine
0%
57830 Neufmoulins
0%
57320 Neunkirchen-lès-Bouzonville
0%
57720 Obergailbach
0%
57170 Obreck
0%
57660 Petit-Tenquin
0%
57170 Pettoncourt
0%
57340 Pévange
0%
57230 Philippsbourg
0%
57930 Postroff
0%
57590 Prévocourt
0%
57170 Puttigny
0%
57510 Rémering-lès-Puttelange
0%
57670 Réning
0%
57645 Retonfey
0%
57510 Richeling
0%
57340 Rodalbe
0%
57720 Rolbing
0%
57930 Saint-Jean-de-Bassel
0%
57370 Saint-Jean-Kourtzerode
0%
57260 Saint-Médard
0%
57170 Salonnes
0%
57530 Sanry-sur-Nied
0%
57370 Schalbach
0%
57412 Schmittviller
0%
57320 Schwerdorff
0%
57580 Sorbey
0%
57960 Soucht
0%
57230 Sturzelbronn
0%
57385 Teting-sur-Nied
0%
57380 Thicourt
0%
57670 Torcheville
0%
57380 Vahl-lès-Faulquemont
0%
57340 Vallerange
0%
57340 Vannecourt
0%
57220 Varize-Vaudoncourt
0%
57370 Veckersviller
0%
57370 Vescheim
0%
57670 Vibersviller
0%
57340 Villers-sur-Nied
0%
57370 Vilsberg
0%
57340 Virming
0%
57670 Vittersbourg
0%
57580 Voimhaut
0%
57720 Waldhouse
0%
57370 Waltembourg
0%
57635 Wintersbourg
0%
57170 Wuisse
0%
57630 Xanrey
0%
57340 Zarbeling
0%
Aucun quiz correspondant
Distribution des résultats
% des personnes avec chaque résultat
Percentile par nombre de réponses
Votre historique - résultats
Vous n’avez pas pris ce quiz